Datum a čas kvízu
30.5
Celkem bodů
Celkový počet nahraných bodů na tomto kvízu bez doplňovacích otázek.
6.
Pořadí na kvízu
Konečné umístění týmu na tomto kvízu.
Zaznamenané odpovědi
| # | Otázka | Odpověď | Body | Výsledky |
|---|---|---|---|---|
| 1. | Minulý týden policie informova... | škvor | 1 | |
| 2. | Minulý týden se v českých médi... | A | 1 | |
| 3. | Minulý týden jsme se dozvěděli... | Francie | 1 | |
| 4. | Kořist v hodnotě přibližně 30... | v Německu | 1 | |
| 5. | Na střídačce HC Rytíři Kladno,... | David Čermák; Tomáš Plekanec | 1 | |
| 6. | Mezi nejúspěšnější sourozence... | 2008; 2012 | 1 | |
| 7. | Sourozenci Taschlerovi nás rep... | Natálie; Filip | 1 | |
| 8. | Opomenout v tomto tématu nesmí... | 7,5 km; 6 km | 0 | |
| 9. | Nyní bude vaším úkolem uhodnou... | v plavání | 0 | |
| 10. | Na závěr se podíváme na krasob... | B) USA | 0 |